• 首页
  • 本馆介绍
  • 公告通知
  • 最新文献
  • 馆藏检索
  • 电子资源
  • 读者导购
  • 参考咨询
  • 我的图书馆
  • 登录
  • 详细信息显示
  • 放入我的书架
  • 预约/预借图书
  • 作者相关作品
  • 分类相关作品
  • 丛书相关作品
  • 出版社相关作品

书目信息

  • 表格格式
  • 工作单格式
  • 卡片格式
题名:
护国讨袁亲历记
    
 
作者: ;中国人民政治协商会议全国委员会 编
分册:  
出版信息: 北京   文史资料出版社  1985
页数: 293页
开本: 20cm
丛书名:
单 册:
中图分类: K258.3
科图分类:
主题词: 中国--历史--1840~1949
电子资源:
ISBN:
000 00814nam0 2200229 45
001 0185008794
005 20060112162221.90
010    @dCNY1.95
091    @b11224.187
100    @a19901008d1985 emky0chiy0121 ea
101 0  @achi
102    @aCN@b110000
105    @abc z 000yd
200 10 @a护国讨袁亲历记@Ahu guo tao yuan qin li ji@f中国人民政治协商会议全国委员会等编@Fzhong guo ren min zheng zhi xie shang hui yi quan guo wei yuan hui deng bian
210    @a北京@c文史资料出版社@d1985
215    @a293页@c肖像@d20cm
606 0  @a中国@x历史@z1840~1949
690    @aK258.3
711 02 @a中国人民政治协商会议全国委员会@Azhong guo ren min zheng zhi xie shang hui yi quan guo wei yuan hui@4编
801  2 @aCN@bNLC@c20060112
801  0 @aCN@b深圳图书馆@c20040505
905    @f2@b156311-312@dK258.3@e32
    
    护国讨袁亲历记/中国人民政治协商会议全国委员会等编.-北京:文史资料出版社,1985
    293页:肖像;20cm
    
    
    ISBN :CNY1.95
    
●
相关链接 在E读中查询图书 在五车中查询图书 在当当中查询图书 在豆瓣中查询图书


正题名:护国讨袁亲历记     索取号:K258.3/32         预约/预借

序号 登录号 条形码 馆藏地/架位号 状态 备注
1 0156311   001294432   第二样本阅览室/ [索取号:K258.3/32] 在馆    
2 0156312   001294441   第二借阅区/ [索取号:K258.3/32] 在馆    
3 0156313   202172825   密集书库/ [索取号:K258.3/32] 在馆    
唐山师范学院图书馆 欢迎您!
大连网信软件有限公司© 版权所有